Mukhapadathinappurathe Nerukal:Aan Pen Bendham Muslim Samoohathil (Record no. 120194)

MARC details
000 -LEADER
fixed length control field 00435nam a2200133Ia 4500
008 - FIXED-LENGTH DATA ELEMENTS--GENERAL INFORMATION
fixed length control field 211119s9999||||xx |||||||||||||| ||und||
082 ## - DEWEY DECIMAL CLASSIFICATION NUMBER
Classification number 297.8
Item number MAR-M
100 ## - MAIN ENTRY--PERSONAL NAME
Personal name Marnissi, Fatema
245 #0 - TITLE STATEMENT
Title Mukhapadathinappurathe Nerukal:Aan Pen Bendham Muslim Samoohathil
260 ## - PUBLICATION, DISTRIBUTION, ETC.
Name of publisher, distributor, etc. D c Books
Place of publication, distribution, etc. Kottayam
Date of publication, distribution, etc. 2015
300 ## - PHYSICAL DESCRIPTION
Extent 198p.
650 ## - SUBJECT ADDED ENTRY--TOPICAL TERM
Topical term or geographic name entry element Religion
942 ## - ADDED ENTRY ELEMENTS (KOHA)
Koha item type BOOK
650 ## - SUBJECT ADDED ENTRY--TOPICAL TERM
Form subdivision Other religions Islam, Babism & Bahai FaithMalayalam
General subdivision General Stack
Holdings
Withdrawn status Lost status Damaged status Not for loan Home library Current library Date acquired Cost, normal purchase price Total Checkouts Full call number Barcode Shelving location Date last seen Price effective from Koha item type
        SB LIBRARY SB LIBRARY 19/11/2021 160.00   297.8 MAR-M 00133683 GENERAL STACK 19/11/2021 19/11/2021 BOOK

Powered by Koha